000 00704na a2200241 4500
001 13719
003 MIRAKIL
005 20181213155157.0
008 161025b tu 000 0
020 _a9757741140
035 _a13719
040 _aMilas
_btur
_cTR-AnCHP
082 _a352
_bÇ38 1993
090 _a352 Ç38 1993
245 _aÇevre ve yerel yönetim
_chazırlayan: Ferzan Bayramoğlu Yıldırım
260 _aİstanbul
_bIULA-EMME
_c1993
300 _a108 s.
_c21 sm.
490 _aYerel yönetimin geliştirilmesi programı el kitapları dizisi
650 _aYerel yönetimler
650 _aÇevre politikaları
700 _aYıldırım, Ferzan Bayramoğlu
942 _2ddc
_cBKS
999 _c8011
_d8011